000 00949nam a2200265 a 4500
001 BRL_1169
005 20190320211050.0
008 211113s1910----gw-#######---#000-0#ger-#
041 _ager
044 _agw
050 4 _aML60
_b.C46 1910
100 1 _aChop, Max
_925992
245 1 0 _aLudwig van Beethovens Symphonien
_bGeschichtlich und musikalisch analysiert, mit zahlreichen votenbeispielen
_cvon Max Chop.
260 _aLeipzig
_bPhilopp Reclam jun.
_c1910
300 _av.
_c16 cm.
440 0 _aReclams universal Bibliothek
_vNr. 5231, 5232, 5233
_925993
440 0 _aErlauterungen zu Meisterwerken der Tonkunst
_vBd. 18, 19, 20
_925994
500 _av.18 Au1371 ; v.19 Au1372 ; v.20 Au1370
500 _aSymphonien Nr. v.18 1-3, v.19 4-6, v.20 7-9.
600 1 4 _aBeethoven, Ludwig van
_d1770-1827
_tSinfonías
_925995
650 1 4 _aSinfonías
_925996
650 1 4 _aMúsica
_xHistoria y crítica
_915404
902 _aGRL
942 _2lcc
_cB
999 _c9981
_d9981